| 000 | 00383nam a22001697a 4500 | ||
|---|---|---|---|
| 005 | 20160620153011.0 | ||
| 008 | 160620b xxu||||| |||| 00| 0 eng d | ||
| 020 | _a978-0-07-125930-9 | ||
| 041 | _aeng | ||
| 082 | _b8585 | ||
| 100 |
_aLothaus, Fred _92341 |
||
| 245 | _aOrganizational behavior | ||
| 260 |
_bTMH _c1998 |
||
| 300 | _a661 | ||
| 650 |
_aManagement _9241 |
||
| 942 | _cBK | ||
| 999 |
_c3308 _d3307 |
||